| 000 | 00592nam a22002417a 4500 | ||
|---|---|---|---|
| 003 | OSt | ||
| 005 | 20180116182959.0 | ||
| 008 | 140912b xxu||||| |||| 00| 0 eng d | ||
| 020 | _a8007302214 | ||
| 022 | _a8007302214 | ||
| 040 | _c0 | ||
| 050 | _a003.2 | ||
| 082 | _a003.2 | ||
| 100 | _aDiebold,Francis X. | ||
| 245 |
_aElements of Forecasting. _cFrancis X.Diebold |
||
| 250 | _a3rd. | ||
| 260 |
_aSingapore _bTHOMSON South-Western _c2004 |
||
| 300 | _a433p. | ||
| 500 | _aHard Cover | ||
| 600 | _aDiebold,Francis X. | ||
| 700 | _aDiebold,Francis X. | ||
| 942 |
_2ddc _cBK _k003.2 |
||
| 999 |
_c349778 _d349778 |
||